Statistics for Positions in Baseball

Click here to take the quiz!

General Stats

  • This quiz has been taken 38 times
  • The average score is 9 of 10

Answer Stats

NumberPosition% Correct
2Catcher
100%
1Pitcher
100%
6Shortstop
94%
3First Baseman
92%
4Second baseman
92%
5Third baseman
92%
8Center fielder
86%
7Left fielder
86%
9Right fielder
86%
Doesn't have oneDesignated Hitter
72%

Score Distribution

Percentile by Number Answered

Percent of People with Each Score

Your Score History

You have not taken this quiz